Ptaki według zdjęcia #3 - Statystyki

Ogólne statystyki
  • Ten quiz został rozwiązany 63 razy
  • Średni wynik to 12 z 18
Statystyki odpowiedzi
Obrazkowy Odpowiedź % Poprawnych
Gołąb skalny
100%
Łabędź niemy
98%
Dzięcioł smugoszyi
93%
Tukan wielki
93%
Sęp afrykański
91%
Żako większa
91%
Sokół wędrowny
83%
Zimorodek zwyczajny
80%
Żuraw kanadyjski
74%
Kormoran zwyczajny
65%
Bogatka zwyczajna
63%
Płomykówka
61%
Głuptak niebieskonogi
57%
Kazuar hełmiasty
57%
Orzeł {przedni}
52%
Drozd wędrowny
28%
Warzęcha królewska
28%
Pingwin {skalny}
11%
Nie znaleziono quizów pasujących do podanych kryteriów
Rozkład punktacji
Procent ludzi z każdym wynikiem
Percentyl według liczby udzielonych odpowiedzi
Twoja historia wyników
Nie rozwiązałeś tego quizu